000 00585nam a22002052 4500
001 0000023839
005 20151217152249.0
008 130403s xx 000 0 eng d
020 _a0750677066 :
040 _aKABU
_cKABU
100 1 _aChaudhry, Amanat U.
_@0000183569
245 1 0 _aOil well testing handbook /
_cAmanat U. Chaudhry.
250 _a1st ed.
260 _aAmsterdam :
_bElsevier,
_c2004.
300 _a xvii, 670 p.
650 0 _aOil
_xtesting.
_@0000183570
852 1 _9p9900 KES
908 _a130403
950 _@1
999 _c10002
_d10002